Пенсионная система, как аспект благосостояния пожилого населения России; European Social Science Journal; № 8-3 (47)

Detalhes bibliográficos
Parent link:European Social Science Journal=Европейский журнал социальных наук: международный научный журнал/ Международный исследовательский институт (МИИ).— , 2010-
№ 8-3 (47).— 2014.— [С. 440-443]
Autor principal: Рогова О. В. Ольга Васильевна
Autor Corporativo: Национальный исследовательский Томский политехнический университет (ТПУ) Институт социально-гуманитарных технологий (ИСГТ) Кафедра экономики (ЭКОН)
Outros Autores: Былкова Т. В. Татьяна Васильевна, Болотова Т. В. Татьяна Владимировна
Resumo:Заглавие с экрана
The pension system is one of the important tools to regulate and promote the level of senior population welfare in Russia. In the current social situation in the country, when the number of pensioners is constantly growing and it effects on social tensions, the question of the development of lines to improve the level of senior population welfare in the existing pension system is still urgent for the state. The resolving of the question of decent pension by the state will reduce the degree of social tension.
Режим доступа: по договору с организацией-держателем ресурса
Idioma:russo
Publicado em: 2014
Assuntos:
Acesso em linha:https://elibrary.ru/item.asp?id=24344447
Formato: Recurso Electrónico Capítulo de Livro
KOHA link:https://koha.lib.tpu.ru/cgi-bin/koha/opac-detail.pl?biblionumber=656500

MARC

LEADER 00000naa0a2200000 4500
001 656500
005 20250404114303.0
035 |a (RuTPU)RU\TPU\network\22941 
035 |a RU\TPU\network\10294 
090 |a 656500 
100 |a 20171116d2014 k||y0rusy50 ca 
101 0 |a rus 
102 |a RU 
135 |a drcn ---uucaa 
181 0 |a i  
182 0 |a b 
200 1 |a Пенсионная система, как аспект благосостояния пожилого населения России  |d Pension system as an important aspect of Russian senior citizens welfare  |f О. В. Рогова, Т. В. Былкова, Т. В. Болотова 
203 |a Текст  |c электронный 
300 |a Заглавие с экрана 
320 |a [Библиогр.: 7 назв.] 
330 |a The pension system is one of the important tools to regulate and promote the level of senior population welfare in Russia. In the current social situation in the country, when the number of pensioners is constantly growing and it effects on social tensions, the question of the development of lines to improve the level of senior population welfare in the existing pension system is still urgent for the state. The resolving of the question of decent pension by the state will reduce the degree of social tension. 
333 |a Режим доступа: по договору с организацией-держателем ресурса 
461 |t European Social Science Journal  |l Европейский журнал социальных наук  |o международный научный журнал  |f Международный исследовательский институт (МИИ)  |d 2010- 
463 |t № 8-3 (47)  |v [С. 440-443]  |d 2014 
510 1 |a Pension system as an important aspect of Russian senior citizens welfare  |z eng 
610 1 |a электронный ресурс 
610 1 |a труды учёных ТПУ 
610 1 |a благосостояние 
610 1 |a благополучие 
610 1 |a пенсионные фонды 
610 1 |a pension system 
610 1 |a wellbeing 
700 1 |a Рогова  |b О. В.  |c экономист  |c ассистент кафедры Томского политехнического университета  |f 1987-  |g Ольга Васильевна  |3 (RuTPU)RU\TPU\pers\32384 
701 1 |a Былкова  |b Т. В.  |c экономист  |c доцент Томского политехнического университета, кандидат экономических наук  |g Татьяна Васильевна  |3 (RuTPU)RU\TPU\pers\39827 
701 1 |a Болотова  |b Т. В.  |g Татьяна Владимировна 
712 0 2 |a Национальный исследовательский Томский политехнический университет (ТПУ)  |b Институт социально-гуманитарных технологий (ИСГТ)  |b Кафедра экономики (ЭКОН)  |3 (RuTPU)RU\TPU\col\18375 
801 2 |a RU  |b 63413507  |c 20171116  |g RCR 
856 4 |u https://elibrary.ru/item.asp?id=24344447 
942 |c CF